Le 5 majeur des franchises vainqueurs de la NBA (2013- 2024) - Statistiques

Statistiques générales
  • Ce quiz a été pris 218 fois
  • Le résultat moyen est 44 sur 60
Statistiques - réponses
Année Franchises Joueurs % Correct
Lebron James
99%
Lebron James
99%
Lebron James
99%
2022 Golden State Warriors Stephen Curry
99%
2018 Golden State Warriors Stephen Curry
99%
2017 Golden State Warriors Stephen Curry
99%
Stephen Curry
99%
Nikola Jokic
97%
Jason Tatum
95%
2024 Boston Celtics Jaylen Brown
92%
Klay Thompson
92%
Klay Thompson
92%
Klay Thompson
92%
Klay Thompson
92%
Draymond Green
91%
Draymond Green
91%
Draymond Green
91%
Draymond Green
91%
Tony Parker
91%
Danny Green
90%
Danny Green
90%
Danny Green
90%
Tristan Thompson
90%
Anthony Davis
88%
Dwayne Wade
88%
Jamal Murray
88%
2021 Milwaukee Bucks Giannis Antetokounmpo
87%
Kawhi Leonard
87%
Kawhi Leonard
87%
2016 Cleveland Cavaliers Kyrie Irving
85%
Tim Duncan
83%
Kevin Durant
81%
Kevin Durant
81%
Jrue Holiday
80%
Jrue Holiday
80%
Kristaps Porzingis
80%
Aaron Gordon
78%
2013 Miami Heat Chris Bosh
78%
Derrick White
74%
Brook Lopez
72%
Kevin Love
72%
Michael Porter Jr
68%
Otto Porter
67%
Khris Middleton
65%
Kyle Lowry
63%
Pascal Siakam
56%
J.R Smith
48%
Andrew Wiggins
44%
2023 Denver Nuggets Kentavious Caldwell-Pope
44%
2020 Los Angeles Lakers Kentavious Caldwell-Pope
44%
2019 Toronto Raptors Marc Gasol
44%
Andre Iguodala
43%
Dwight Howard
43%
Zaza Pachulia
32%
2015 Golden State Warriors Harrison Barnes
29%
2014 San Antonio Spurs Boris Diaw
27%
Mario Chalmers
25%
Javale McGee
23%
P.J Tucker
14%
Mike Miller
10%
Aucun quiz correspondant
Distribution des résultats
% des personnes avec chaque résultat
Percentile par nombre de réponses
Votre historique - résultats
Vous n’avez pas pris ce quiz